Faculty of Law Library — Cairo University

Official Online Catalog

Crime and economics : (Record no. 52856)

MARC details
000 -LEADER
fixed length control field 01467cac a2200337 i 4500
003 - CONTROL NUMBER IDENTIFIER
control field EG-GICUC
005 - DATE AND TIME OF LATEST TRANSACTION
control field 20260121101543.0
008 - FIXED-LENGTH DATA ELEMENTS--GENERAL INFORMATION
fixed length control field 110203s2012 nyua fr 000 0 eng d
020 ## - INTERNATIONAL STANDARD BOOK NUMBER
International Standard Book Number 9781843928430
Qualifying information hardback
020 ## - INTERNATIONAL STANDARD BOOK NUMBER
International Standard Book Number 9781843928423
Qualifying information pbk.
040 ## - CATALOGING SOURCE
Original cataloging agency DLC
Transcribing agency DLC
Modifying agency DLC
-- EG-GICUC
Language of cataloging eng
Description conventions rda
050 00 - LIBRARY OF CONGRESS CALL NUMBER
Classification number HV6030
Item number .A43 2012
082 00 - DEWEY DECIMAL CLASSIFICATION NUMBER
Classification number 343.644
Edition number 21
092 04 - LOCALLY ASSIGNED DEWEY CALL NUMBER (OCLC)
Edition number 21
099 ## - LOCAL FREE-TEXT CALL NUMBER (OCLC)
Classification number Law 10 2012
100 1# - MAIN ENTRY--PERSONAL NAME
Personal name Albertson, Kevin,
Dates associated with a name 1963-
245 10 - TITLE STATEMENT
Title Crime and economics :
Remainder of title an introduction /
Statement of responsibility, etc. Kevin Albertson and Chris Fox.
250 ## - EDITION STATEMENT
Edition statement 1st edition.
264 ## - PRODUCTION, PUBLICATION, DISTRIBUTION, MANUFACTURE, AND COPYRIGHT NOTICE
Place of production, publication, distribution, manufacture New York, NY :
Name of producer, publisher, distributor, manufacturer Routledge,
Date of production, publication, distribution, manufacture, or copyright notice 2012.
300 ## - PHYSICAL DESCRIPTION
Extent ix, 318 page :
Other physical details illustrations ;
Dimensions 24 cm.
336 ## - CONTENT TYPE
Content type term text
Content type code txt
Source rdacontent
337 ## - MEDIA TYPE
Media type term unmediated
Media type code n
Source rdamedia
338 ## - CARRIER TYPE
Carrier type term volume
Carrier type code nc
Source rdacarrier
504 ## - BIBLIOGRAPHY, ETC. NOTE
Bibliography, etc. note includes bibliographical references page ( 291-311) and index.
505 0# - FORMATTED CONTENTS NOTE
Formatted contents note Introduction -- A brief introduction to economic theory -- Modelling criminal behaviour -- Rational choice theory in criminology -- The labour market, poverty and crime -- Economic tools : estimating the bottom line of criminal justice interventions -- The costs of crime -- Crime reduction -- The economic analysis of prisons and community justice alternatives -- Organised crime -- Illicit drugs.
650 #0 - SUBJECT ADDED ENTRY--TOPICAL TERM
Topical term or geographic name entry element Crime
General subdivision Economic aspects.
700 1# - ADDED ENTRY--PERSONAL NAME
Personal name Fox, Chris,
Dates associated with a name 1973-
856 40 - ELECTRONIC LOCATION AND ACCESS
Uniform Resource Identifier <a href="https://fll.law.cu.edu.eg/fulltext/bks/ENGB10-00105.pdf">https://fll.law.cu.edu.eg/fulltext/bks/ENGB10-00105.pdf</a>
905 ## - Cataloger and Reviser Names
Cataloger Name: Hend El khosy
942 ## - ADDED ENTRY ELEMENTS (KOHA)
Source of classification or shelving scheme Dewey Decimal Classification
Koha item type Books
Edition 21
Suppress in OPAC No
Holdings
Withdrawn status Lost status Source of classification or shelving scheme Damaged status Not for loan Collection Home library Current library Date acquired Total checkouts Full call number Barcode Date last seen Copy number Price effective from Koha item type Public note
    Dewey Decimal Classification     القانون الجنائي جــــامعة القــاهرة مكتبة كلية الحقوق - فـرع الشيخ زايد 28.12.2025   Law2 10 343.044 AL . C 2012 1000105 C1 ENGB10-00105 28.12.2025 1 28.12.2025 Books 1476

© All rights reserved — Faculty of Law, Cairo University